[Event "ICS rated blitz match"]
[Site "204.178.125.65"]
[Date "2000.07.12"]
[Round "?"]
[White "Hossa"]
[Black "Beadle"]
[Result "0-1"]
[WhiteElo "2521"]
[BlackElo "2593"]
[PlyCount "226"]
[EventDate "2000.??.??"]

1. d4 d5 2. c4 dxc4 3. Nf3 a6 4. e3 Nf6 5. Bxc4 e6 6. O-O c5 7. Re1 b5 8. Be2
Nbd7 9. a4 b4 10. Nbd2 Bb7 11. e4 cxd4 12. e5 Ng4 13. Nc4 Bc5 14. Nd6+ Bxd6 15.
exd6 d3 16. Qxd3 Ngf6 17. Qd2 Qb6 18. Qf4 Ne4 19. Ng5 Nxg5 20. Qxg5 Qxd6 21.
Qxg7 Qf8 22. Qd4 Rg8 23. Bf1 Qg7 24. Qxg7 Rxg7 25. f4 Rc8 26. Bd2 Rc2 27. Bxb4
Bxg2 28. Be2 Bb7+ 29. Kf1 Rg2 30. h3 Rxb2 31. Ba3 Rd2 32. Rab1 Bf3 33. Rec1 Nc5
34. Bxc5 Rgxe2 35. Rb8+ Kd7 36. Rf8 Bh5 37. Ra8 Re4 38. Ra7+ Ke8 39. f5 Rf4+
40. Kg1 Rxf5 41. Bb4 Rd1+ 42. Rxd1 Bxd1 43. Rxa6 Rf4 44. Bd2 Rf3 45. Kg2 Rd3
46. Ra8+ Kd7 47. Ra7+ Kc6 48. Bf4 Bh5 49. Be5 Bg6 50. Rc7+ Kd5 51. Bf6 Kd6 52.
Ra7 Be4+ 53. Kh2 Rd2+ 54. Kg3 Bg6 55. a5 Rd3+ 56. Kh2 Rf3 57. Be7+ Kc6 58. Ra6+
Kb5 59. Rb6+ Kxa5 60. Bd8 Ka4 61. Be7 e5 62. Kg2 Rd3 63. Rb4+ Ka5 64. h4 f5 65.
Rb8 f4 66. Bf6 e4 67. Be5 f3+ 68. Kg3 Ka6 69. Rb2 Bh5 70. Ra2+ Kb6 71. Ra1 e3
72. Rb1+ Ka6 73. Ra1+ Kb7 74. Rb1+ Kc6 75. Ra1 f2 76. Kg2 e2 77. Kxf2 Rd1 78.
Bc3 e1=Q+ 79. Bxe1 Rxa1 80. Bb4 Kd5 81. Be7 Rd1 82. Kg3 Ke5 83. Bc5 Bg6 84. Be3
Rd3 85. Kf2 Be4 86. Ke2 Rd7 87. Bc1 Rc7 88. Bg5 Rc3 89. Kd2 Rc4 90. Ke3 Bd5 91.
Kd3 Kf5 92. Ke3 Re4+ 93. Kd2 Kg6 94. Kc2 h6 95. Bd8 Re8 96. Ba5 Kh5 97. Kd2
Kxh4 98. Bc7 h5 99. Kd3 Re4 100. Bd6 Kg5 101. Kd2 h4 102. Bc7 h3 103. Bh2 Kg4
104. Kd1 Kf3 105. Kd2 Re2+ 106. Kd3 Rxh2 107. Kd4 Rc2 108. Ke5 h2 109. Kxd5
h1=Q 110. Ke6 Kf4 111. Kf7 Qb7+ 112. Kg6 Rh2 113. Kf6 Rh6# {Hossa checkmated}
0-1

[Event "ICS rated blitz match"]
[Site "204.178.125.65"]
[Date "2000.07.12"]
[Round "?"]
[White "Argentinoo"]
[Black "Hossa"]
[Result "0-1"]
[WhiteElo "1880"]
[BlackElo "2508"]
[PlyCount "46"]
[EventDate "2000.??.??"]

1. e4 c5 2. Nf3 e6 3. d4 cxd4 4. Nxd4 a6 5. Nc3 Qc7 6. Be2 Nf6 7. O-O Be7 8.
Bg5 d6 9. f4 O-O 10. Qd2 Nc6 11. Rad1 Nxd4 12. Qxd4 d5 13. Kh1 Bc5 14. Qd3 dxe4
15. Nxe4 Nxe4 16. Qxe4 Qb6 17. Bd3 f5 18. Qe5 Bd4 19. Qe2 Qxb2 20. g4 Bd7 21.
gxf5 Rae8 22. fxe6 Bc6+ 23. Be4 Rxe6 {Argentinoo resigns} 0-1

[Event "ICS rated blitz match"]
[Site "204.178.125.65"]
[Date "2000.07.12"]
[Round "?"]
[White "Hossa"]
[Black "Argentinoo"]
[Result "1-0"]
[WhiteElo "2509"]
[BlackElo "1879"]
[PlyCount "23"]
[EventDate "2000.??.??"]

1. e4 e5 2. Nf3 Nc6 3. d4 exd4 4. Nxd4 Bc5 5. Be3 Qf6 6. c3 Nge7 7. Bc4 d6 8.
O-O Qg6 9. Nb5 Bh3 10. Qf3 Bg4 11. Bxf7+ Qxf7 12. Nxc7+ {Argentinoo resigns}
1-0

[Event "ICS rated blitz match"]
[Site "204.178.125.65"]
[Date "2000.07.12"]
[Round "?"]
[White "Dorky"]
[Black "Hossa"]
[Result "1-0"]
[WhiteElo "2246"]
[BlackElo "2511"]
[PlyCount "97"]
[EventDate "2000.??.??"]

1. d4 d5 2. c4 dxc4 3. Nf3 a6 4. e3 Nf6 5. Bxc4 e6 6. O-O c5 7. dxc5 Qxd1 8.
Rxd1 Bxc5 9. a3 O-O 10. b4 Be7 11. Nc3 b5 12. Bd3 Bb7 13. e4 Rc8 14. Bd2 Nc6
15. e5 Ng4 16. Re1 Nxb4 17. axb4 Bxb4 18. Ne4 Bxd2 19. Nexd2 g6 20. h3 Nh6 21.
Ra5 Kf8 22. Be4 Bxe4 23. Nxe4 b4 24. Nc5 Rxc5 25. Rxc5 Kg7 26. Ra1 b3 27. Rb1
Rb8 28. Rc3 b2 29. Rc2 Rb5 30. Rbxb2 Rd5 31. Rb7 Rd8 32. Rc6 a5 33. Kh2 Rd5 34.
Rxe6 Rd1 35. Re8 g5 36. Nxg5 Rf1 37. f3 Rc1 38. Nxf7 Rb1 39. Rxb1 Nxf7 40. Rb7
Kg6 41. Rg8+ Kf5 42. Rxf7+ Ke6 43. Rxh7 Kxe5 44. Rg5+ Kf6 45. Rxa5 Kg6 46. Rb7
Kf6 47. Rb6+ Ke7 48. Ra7+ Kf8 49. Rb8# {Hossa checkmated} 1-0

[Event "ICS rated blitz match"]
[Site "204.178.125.65"]
[Date "2000.07.12"]
[Round "?"]
[White "Hossa"]
[Black "Bannon"]
[Result "1-0"]
[WhiteElo "2485"]
[BlackElo "2237"]
[PlyCount "67"]
[EventDate "2000.??.??"]

1. d4 c5 2. d5 e5 3. e4 d6 4. Be2 f5 5. exf5 Bxf5 6. Bg4 Qd7 7. Bxf5 Qxf5 8.
Ne2 Nf6 9. Ng3 Qg4 10. Qxg4 Nxg4 11. f3 Nf6 12. Nc3 a6 13. f4 Nbd7 14. fxe5
Nxe5 15. O-O O-O-O 16. Rb1 b5 17. b4 a5 18. a3 cxb4 19. axb4 a4 20. Rd1 Kb7 21.
Nxb5 Rc8 22. Ra1 Rxc2 23. Nf5 Ne4 24. Rxa4 g6 25. Ra7+ Kb6 26. Be3+ Kxb5 27.
Nd4+ Kxb4 28. Nxc2+ Kc3 29. Ne1 Nf6 30. Rc1+ Kb2 31. Rb7+ Ka2 32. Rc2+ Ka3 33.
Bc1+ Ka4 34. Ra2# {Bannon checkmated} 1-0

[Event "ICS rated blitz match"]
[Site "204.178.125.65"]
[Date "2000.07.12"]
[Round "?"]
[White "PostModernist"]
[Black "Hossa"]
[Result "1/2-1/2"]
[WhiteElo "2746"]
[BlackElo "2498"]
[PlyCount "212"]
[EventDate "2000.??.??"]

1. d4 Nf6 2. c4 g6 3. g3 d5 4. cxd5 Nxd5 5. Nc3 Bg7 6. Bg2 Nxc3 7. bxc3 O-O 8.
Nf3 c5 9. O-O cxd4 10. Nxd4 Na6 11. Ba3 Rb8 12. Qd3 Re8 13. Rfd1 Qa5 14. Bb2
Nc5 15. Qe3 Na4 16. Rab1 Nb6 17. a3 Nc4 18. Qc1 Rd8 19. e4 Bg4 20. f3 Bd7 21.
Bf1 Qc5 22. Bxc4 Qxc4 23. Qe3 Ba4 24. Rd2 e5 25. Ne2 Ra8 26. Re1 Rxd2 27. Qxd2
Qc5+ 28. Kg2 Qc7 29. Qe3 Bb3 30. Nc1 Bc4 31. Rd1 Qc6 32. Nd3 Qb5 33. Rd2 Rd8
34. Nb4 Rxd2+ 35. Qxd2 Bf1+ 36. Kf2 Bh3 37. Qe2 Qb6+ 38. Qe3 Qa5 39. g4 Qb5 40.
Qd3 Qxd3 41. Nxd3 f6 42. Nc5 b6 43. Ne6 h5 44. Kg3 hxg4 45. fxg4 Bf1 46. h4 Bh8
47. h5 gxh5 48. gxh5 Bd3 49. Kf3 f5 50. exf5 Bxf5 51. Nd8 Bd7 52. Ke4 Bf6 53.
Nb7 Kf7 54. Kd5 Bg4 55. Nd6+ Ke7 56. c4 Bxh5 57. Bxe5 Bf3+ 58. Kd4 Bxe5+ 59.
Kxe5 Kd7 60. Nf5 Bg4 61. Nh4 Kc6 62. Kd4 Kd6 63. Ng6 Bf5 64. Ne5 a6 65. Nf7+
Ke7 66. Nh6 Be6 67. c5 Kd7 68. cxb6 Kc6 69. Ke5 Bb3 70. Ng4 Kxb6 71. Kd4 Be6
72. Nf6 a5 73. Ke5 Bb3 74. Kd4 Bc2 75. Kc4 Ba4 76. Nd5+ Ka7 77. Kc5 Kb7 78. Nb6
Bc6 79. Nc4 Kc7 80. Nxa5 Be4 81. Nc4 Bc6 82. Nd6 Kd7 83. Nb5 Bf3 84. a4 Bc6 85.
a5 Bxb5 86. Kxb5 Kd8 87. Kb6 Kc8 88. Kc6 Kb8 89. Kb6 Kc8 90. Kc5 Kd8 91. Kb5
Kc8 92. Kb6 Kb8 93. Kc6 Kc8 94. a6 Kb8 95. Kb5 Kc8 96. Kc4 Kb8 97. Kb4 Kc8 98.
Kc5 Kb8 99. Kc4 Kc8 100. Kb5 Kb8 101. Kb6 Ka8 102. Ka5 Kb8 103. Kb6 Ka8 104.
Kc7 Ka7 105. Kc8 Kb6 106. a7 Kxa7 1/2-1/2

[Event "ICS rated standard match"]
[Site "204.178.125.65"]
[Date "2000.07.12"]
[Round "?"]
[White "Hossa"]
[Black "PostModernist"]
[Result "0-1"]
[WhiteElo "2391"]
[BlackElo "2403"]
[PlyCount "186"]
[EventDate "2000.??.??"]

1. d4 Nf6 2. c4 c5 3. d5 g6 4. Nc3 Bg7 5. e4 d6 6. Bd3 e5 7. Nf3 O-O 8. O-O a6
9. b3 Qe7 10. a3 a5 11. Na4 Bd7 12. Nb6 Ra6 13. Nxd7 Nbxd7 14. a4 Nh5 15. Bb1
Nf4 16. g3 Nh5 17. Ra2 Nhf6 18. Qe2 Ng4 19. Nh4 Ndf6 20. Bg5 Re8 21. h3 Nh6 22.
Ng2 Qf8 23. Bd2 Nd7 24. Qe1 Rea8 25. f4 exf4 26. Nxf4 Qe7 27. Qc1 Rb6 28. Ra3
Qg5 29. Ne2 Qh5 30. Rf2 Ne5 31. Nf4 Qg5 32. Ng2 Qh5 33. Nh4 f6 34. Qf1 Nhf7 35.
Bc2 Ng5 36. Ra1 Rba6 37. Re1 Re8 38. Bd1 Qh6 39. Bf4 Kh8 40. Bc2 Raa8 41. Bc1
Kg8 42. Be3 Nef7 43. Bd3 Re7 44. Kh2 Rae8 45. Nf3 Nxf3+ 46. Rxf3 Qh5 47. Bf4 g5
48. Bd2 Nh6 49. Kg1 f5 50. Rf2 fxe4 51. Be2 Qg6 52. Be3 Rf8 53. Rxf8+ Bxf8 54.
Bd2 Bg7 55. Qg2 Bd4+ 56. Kh1 Rf7 57. Rf1 Nf5 58. Kh2 Be5 59. Bg4 Bxg3+ 60. Kg1
e3 61. Bxf5 Bf2+ 62. Kh1 Rxf5 63. Be1 Bxe1 64. Rxe1 Qf6 65. Qg3 Rf1+ 66. Kg2
Rxe1 67. Qxe1 Qf4 68. Qe2 Qe4+ 69. Qf3 Qc2+ 70. Kg3 Qc3 71. Qe2 Kf8 72. Qf1+
Kg7 73. Qe2 Qe5+ 74. Kf3 Qf4+ 75. Kg2 h5 76. Qf3 Kg6 77. Qe2 h4 78. Kh1 Kf5 79.
b4 axb4 80. a5 b3 81. a6 bxa6 82. Qg2 Qe4 83. Kg1 Qxg2+ 84. Kxg2 Kf4 85. Kg1
Kf3 86. Kf1 b2 87. Kg1 e2 88. Kh2 Kf4 89. Kg2 b1=Q 90. Kh2 Qd1 91. Kg2 Qf1+ 92.
Kh2 Qf2+ 93. Kh1 e1=Q# {Hossa checkmated} 0-1

[Event "ICS rated blitz match"]
[Site "204.178.125.65"]
[Date "2000.07.12"]
[Round "?"]
[White "Hossa"]
[Black "QueenMaxima"]
[Result "1/2-1/2"]
[WhiteElo "2508"]
[BlackElo "2535"]
[PlyCount "154"]
[EventDate "2000.??.??"]

1. e4 c5 2. Nf3 e6 3. b3 d6 4. d4 cxd4 5. Nxd4 Nf6 6. Bd3 e5 7. Nf3 Be7 8. Nc3
Nc6 9. O-O O-O 10. a3 Be6 11. Nd5 Rc8 12. Nxe7+ Qxe7 13. Bg5 h6 14. Bd2 Bg4 15.
c3 Rfd8 16. c4 Nd7 17. Be2 Nc5 18. Ra2 Nxe4 19. Nxe5 dxe5 20. Bxg4 Ra8 21. Qc1
Nxd2 22. Rxd2 Rxd2 23. Qxd2 Qxa3 24. Qe3 Rd8 25. f4 Rd4 26. Bc8 exf4 27. Qe8+
Qf8 28. Re1 Na5 29. Qa4 Qc5 30. Qe8+ Kh7 31. b4 Qxc4 32. bxa5 Qc5 33. Kh1 Qd5
34. Qe7 Qxa5 35. Rg1 Rc4 36. Bxb7 Qc7 37. Qxc7 Rxc7 38. Bd5 f5 39. Ra1 Rc5 40.
Bf7 a5 41. Kg1 g6 42. h4 Kg7 43. Bb3 Kf6 44. Re1 Re5 45. Rxe5 Kxe5 46. Kf1 Kd4
47. Ke2 Ke4 48. Bc2+ Ke5 49. Ke1 Ke6 50. Kd2 g5 51. h5 Ke5 52. Kd1 Kf6 53. Ba4
g4 54. Ke2 Kg5 55. Be8 a4 56. Bxa4 f3+ 57. Kf2 Kxh5 58. Be8+ Kg5 59. gxf3 Kf4
60. Bf7 gxf3 61. Bh5 Kg5 62. Bf7 h5 63. Bxh5 Kxh5 64. Kxf3 Kg5 65. Kg3 f4+ 66.
Kh3 Kf5 67. Kg2 Kg4 68. Kf2 f3 69. Kf1 Kg3 70. Kg1 Kf4 71. Kf2 Ke4 72. Kf1 Ke5
73. Kg1 Kf5 74. Kf2 Kf4 75. Kf1 Ke3 76. Ke1 f2+ 77. Kf1 Kf3 {Hossa stalemated}
1/2-1/2

[Event "ICS rated blitz match"]
[Site "204.178.125.65"]
[Date "2000.07.12"]
[Round "?"]
[White "QueenMaxima"]
[Black "Hossa"]
[Result "0-1"]
[WhiteElo "2534"]
[BlackElo "2509"]
[PlyCount "128"]
[EventDate "2000.??.??"]

1. d4 Nf6 2. Bf4 c5 3. dxc5 Na6 4. e3 Nxc5 5. Nc3 d6 6. Nf3 Bd7 7. Bc4 h6 8.
O-O g5 9. Bg3 Bg7 10. Nd4 Rc8 11. Qe2 h5 12. h3 a6 13. Rfd1 b5 14. Bb3 Nxb3 15.
axb3 b4 16. Nb1 a5 17. Qd3 h4 18. Bh2 g4 19. hxg4 Nxg4 20. f3 Nxh2 21. Kxh2 h3
22. Nd2 hxg2+ 23. Kxg2 d5 24. Rh1 Rxh1 25. Kxh1 e5 26. Nf5 Bxf5 27. Qxf5 Rc6
28. Kg1 Qh4 29. Rb1 d4 30. Qe4 Rg6+ 31. Kf1 Qh1+ 32. Ke2 Rg2+ 33. Kd3 Rxd2+ 34.
Kxd2 Qxb1 35. exd4 Qxb2 36. Qc6+ Ke7 37. Qc7+ Ke6 38. d5+ Kf6 39. Qc6+ Kg5 40.
Ke2 a4 41. d6 a3 42. d7 Qd4 43. Qc8 Bf6 44. Qg8+ Kh4 45. Qh7+ Kg3 46. Qg8+ Kh2
47. Qxf7 Bh4 48. Qh5 a2 49. d8=Q Qxd8 50. Qxe5+ Kg2 51. f4 Qe7 52. Qxe7 Bxe7
53. Ke3 a1=Q 54. Ke4 Qc3 55. Kd5 Qxc2 56. Ke6 Qxb3+ 57. Kxe7 Qe3+ 58. Kd8 b3
59. f5 Qd3+ 60. Ke7 Qxf5 61. Kd8 Qe6 62. Kc7 b2 63. Kd8 b1=Q 64. Kc7 Qbb6# 0-1

[Event "ICS rated blitz match"]
[Site "204.178.125.65"]
[Date "2000.07.12"]
[Round "?"]
[White "Tinker"]
[Black "Hossa"]
[Result "0-1"]
[WhiteElo "2559"]
[BlackElo "2526"]
[PlyCount "126"]
[EventDate "2000.??.??"]

1. e4 c5 2. Nf3 e6 3. Nc3 d6 4. d4 cxd4 5. Bb5+ Bd7 6. Nxd4 Nf6 7. Bxd7+ Nbxd7
8. O-O Be7 9. Be3 O-O 10. Qf3 Ne5 11. Qh3 Rc8 12. Rfe1 Qd7 13. a4 Rxc3 14. bxc3
Nxe4 15. Bc1 Nc5 16. a5 Nc4 17. Nb3 Na4 18. Be3 Ra8 19. Qg4 d5 20. Bd4 Bf8 21.
Ra2 Qe8 22. Qg3 Qc6 23. Rea1 b5 24. axb6 axb6 25. Bf6 b5 26. Nd4 Qe8 27. Nf3
Kh8 28. Bd4 f6 29. Re1 e5 30. Raa1 Qc6 31. Be3 Na3 32. Rxa3 Bxa3 33. Bd2 Bb2
34. Nh4 Bxc3 35. Qh3 Ra7 36. Bxc3 Nxc3 37. Qg4 g6 38. Kh1 Ra4 39. Nxg6+ hxg6
40. Qxg6 Ra7 41. f4 e4 42. f5 Rg7 43. Qh6+ Kg8 44. Qe3 b4 45. Ra1 Qc8 46. Qh6
Qf8 47. g3 Rg5 48. Qh3 d4 49. g4 e3 50. Qg2 e2 51. Re1 b3 52. h4 Rg7 53. Rxe2
b2 54. Re1 Qb8 55. h5 b1=Q 56. Rxb1 Qxb1+ 57. Kh2 Qe1 58. Qg3 Qe2+ 59. Qg2
Qxg2+ 60. Kxg2 Rxg4+ 61. Kh3 Rg5 62. Kh4 Nd1 63. Kh3 Nf2+ {Tinker resigns} 0-1

[Event "ICS rated blitz match"]
[Site "204.178.125.65"]
[Date "2000.07.12"]
[Round "?"]
[White "Hossa"]
[Black "Tinker"]
[Result "1-0"]
[WhiteElo "2544"]
[BlackElo "2541"]
[PlyCount "77"]
[EventDate "2000.??.??"]

1. e4 d5 2. exd5 Qxd5 3. Nc3 Qe6+ 4. Be2 Qg6 5. Nf3 Qxg2 6. Rg1 Qh3 7. d4 Nf6
8. Bf4 Qd7 9. Qd2 Qd8 10. O-O-O e6 11. Qe3 c6 12. Ne5 a5 13. Rde1 h6 14. h4 a4
15. Kb1 a3 16. b3 g6 17. Qg3 Qxd4 18. Rd1 Qc5 19. Nxf7 Kxf7 20. Be5 Rg8 21.
Bxf6 Nd7 22. Bd4 Qa5 23. Ne4 Qf5 24. Qe3 Ke7 25. Nd6 Qd5 26. Bc3 Qxd6 27. Rxd6
Kxd6 28. h5 c5 29. hxg6 Bg7 30. Qf4+ Kc6 31. Bf3+ Kb6 32. Qd6+ Ka7 33. Rg4 c4
34. Qxa3+ Kb8 35. Qd6+ Ka7 36. Bxg7 Rxg7 37. Qd4+ Nb6 38. Qxg7 e5 39. Rh4 {
Tinker resigns} 1-0

[Event "ICS rated blitz match"]
[Site "204.178.125.65"]
[Date "2000.07.12"]
[Round "?"]
[White "Tinker"]
[Black "Hossa"]
[Result "0-1"]
[WhiteElo "2525"]
[BlackElo "2560"]
[PlyCount "106"]
[EventDate "2000.??.??"]

1. e4 c5 2. Nf3 e6 3. Nc3 d6 4. d4 cxd4 5. Bb5+ Bd7 6. Nxd4 Nf6 7. O-O Be7 8.
Be3 O-O 9. Qf3 Bxb5 10. Ndxb5 Nc6 11. Rfd1 a6 12. Nd4 Ne5 13. Qh3 Rc8 14. Nf3
Nc4 15. e5 Ne8 16. Bc1 d5 17. Rd3 Nc7 18. b3 Na3 19. Bxa3 Bxa3 20. Ne4 Qe7 21.
Nc3 Bb2 22. Rad1 Nb5 23. Nxb5 axb5 24. R3d2 Rfd8 25. Rb1 Bc3 26. Rd3 Rc6 27.
Qg3 Qa3 28. Qh4 Rdc8 29. Qg5 Qxa2 30. Rc1 Bb2 31. Rcd1 Rxc2 32. Qf4 Rc1 33. Ng5
R8c7 34. Qe4 g6 35. Qh4 h5 36. Nxf7 Rxd1+ 37. Rxd1 Rxf7 38. Qg3 Kh7 39. Kh1 Bd4
40. f4 Qc2 41. Qe1 Rxf4 42. Rc1 Qxb3 43. Rc7+ Kh6 44. Rc1 Qa2 45. Rd1 Qc2 46.
Rxd4 Rxd4 47. Qe3+ g5 48. Qxd4 Qb1+ 49. Qg1 Qxg1+ 50. Kxg1 b4 51. Kf1 b3 52.
Ke2 b2 53. g4 hxg4 {Tinker resigns} 0-1

[Event "ICS rated blitz match"]
[Site "204.178.125.65"]
[Date "2000.07.12"]
[Round "?"]
[White "Hossa"]
[Black "Tinker"]
[Result "1-0"]
[WhiteElo "2574"]
[BlackElo "2511"]
[PlyCount "101"]
[EventDate "2000.??.??"]

1. e4 d5 2. exd5 Qxd5 3. Nc3 Qe6+ 4. Be2 Qg6 5. Nf3 Qxg2 6. Rg1 Qh3 7. d4 Bd7
8. d5 Na6 9. Rg3 Qf5 10. Rg5 Qf6 11. Ne4 Qb6 12. Ne5 h6 13. Nc4 hxg5 14. Nxb6
axb6 15. Nxg5 Rxh2 16. Bf1 Nf6 17. Bf4 Rh1 18. c4 b5 19. Qb3 Nc5 20. Qe3 e5 21.
Bxe5 Ng4 22. Qf3 Nxe5 23. Qxh1 Nb3 24. Rb1 Rxa2 25. Qe4 Bb4+ 26. Kd1 f6 27.
cxb5 Ba5 28. d6 cxd6 29. Nf3 Bg4 30. Be2 Bxf3 31. Bxf3 Nd2 32. Bh5+ Kd8 33. Qd5
Ndc4 34. Qg8+ Kc7 35. Rc1 Rxb2 36. Rxc4+ Nxc4 37. Qxc4+ Kb8 38. Be2 d5 39. Qf4+
Ka8 40. Qe3 Rd2+ 41. Kc1 b6 42. Bf3 Kb8 43. Bxd5 g6 44. Qe8+ Kc7 45. Qc6+ Kd8
46. Qxf6+ Kd7 47. Qxg6 Rxf2 48. Bc6+ Ke7 49. Qe8+ Kd6 50. Qd7+ Ke5 51. Qd5+ {
Tinker resigns} 1-0

[Event "ICS rated blitz match"]
[Site "204.178.125.65"]
[Date "2000.07.12"]
[Round "?"]
[White "PostModernist"]
[Black "Hossa"]
[Result "1-0"]
[WhiteElo "2766"]
[BlackElo "2587"]
[PlyCount "91"]
[EventDate "2000.??.??"]

1. d4 Nf6 2. c4 c5 3. d5 g6 4. Nc3 Bg7 5. e4 d6 6. Bd3 e5 7. Nge2 Na6 8. a3 O-O
9. O-O Nc7 10. Bg5 h6 11. Bd2 Rb8 12. Qc1 g5 13. b4 b6 14. b5 Nh5 15. Qe1 Qe7
16. f3 Bh8 17. Qf2 Qd8 18. a4 a5 19. bxa6 Nxa6 20. Nb5 Qe7 21. Rfb1 Ra8 22. a5
bxa5 23. Rxa5 Ng7 24. Ra3 f5 25. Nec3 fxe4 26. Nxe4 Nf5 27. Be2 Bg7 28. h3 Rd8
29. Ba5 Rd7 30. Bd1 Nd4 31. Bb3 Nxb3 32. Raxb3 Bf8 33. Qg3 Qg7 34. h4 gxh4 35.
Qxh4 Be7 36. Qh5 Kh8 37. Bd2 Kh7 38. f4 exf4 39. Bxf4 Qg6 40. Qxg6+ Kxg6 41.
Rg3+ Kf5 42. Bxh6 Ke5 43. Rf1 Nb4 44. Bg7+ Bf6 45. Bxf6+ Kxe4 46. Nc3# {
Hossa checkmated} 1-0

[Event "ICS rated blitz match"]
[Site "204.178.125.65"]
[Date "2000.07.12"]
[Round "?"]
[White "Hossa"]
[Black "QueenMaxima"]
[Result "1-0"]
[WhiteElo "2579"]
[BlackElo "2524"]
[PlyCount "155"]
[EventDate "2000.??.??"]

1. d4 g6 2. c4 Nf6 3. g3 Bg7 4. Bg2 O-O 5. Nf3 d6 6. O-O Nc6 7. d5 Na5 8. Na3
c5 9. Bd2 Ne4 10. Bc1 Nf6 11. Re1 Bg4 12. h3 Bf5 13. Nh2 Be4 14. f3 Bf5 15. e4
Bd7 16. Nf1 Qb6 17. f4 Nh5 18. e5 dxe5 19. fxe5 Bh8 20. g4 Ng7 21. b3 Rae8 22.
Ng3 Qb4 23. Nc2 Qb6 24. Rf1 a6 25. Rf2 Qc7 26. Bf4 Qc8 27. Qd2 b6 28. Bh6 Qb8
29. Ne4 Qxe5 30. Bf4 Qb2 31. Rff1 g5 32. Bxg5 f6 33. Rfb1 Qxb1+ 34. Rxb1 fxg5
35. Qxg5 Nb7 36. Qh6 Nf5 37. gxf5 Nd6 38. Nxd6 Bg7 39. Qg5 exd6 40. Rf1 h6 41.
Qg6 Rf6 42. Qg4 Rf7 43. Rf4 Re5 44. Be4 Kh8 45. Kg2 b5 46. cxb5 axb5 47. Kh2 b4
48. a4 c4 49. Nxb4 cxb3 50. Nd3 Ree7 51. a5 b2 52. Rf1 Rf8 53. Rb1 Rfe8 54. Bf3
Rf7 55. Qb4 Re3 56. Be4 Re7 57. Nf2 Be5+ 58. Kh1 Re2 59. Ng4 Bg3 60. Qc3+ Be5
61. Qd3 Bb5 62. Qxb5 Rxe4 63. Nxe5 R4xe5 64. Qxb2 Rg7 65. Rg1 Rxg1+ 66. Kxg1
Kh7 67. Qxe5 dxe5 68. d6 e4 69. d7 e3 70. d8=Q e2 71. Qe7+ Kg8 72. Qxe2 Kf8 73.
Kh2 h5 74. Qe6 Kg7 75. Qe7+ Kh6 76. Kg3 h4+ 77. Kf4 Kh5 78. Qg5# 1-0

[Event "ICS rated blitz match"]
[Site "204.178.125.65"]
[Date "2000.07.12"]
[Round "?"]
[White "QueenMaxima"]
[Black "Hossa"]
[Result "0-1"]
[WhiteElo "2511"]
[BlackElo "2592"]
[PlyCount "148"]
[EventDate "2000.??.??"]

1. d4 Nf6 2. Bf4 c5 3. dxc5 Na6 4. e3 Nxc5 5. Nc3 d6 6. Nf3 Bd7 7. Bc4 h6 8.
O-O g5 9. Bg3 Bg7 10. Nd4 Rc8 11. Qe2 h5 12. h3 a6 13. Rfd1 b5 14. Bb3 Nxb3 15.
axb3 b4 16. Nb1 a5 17. Qd3 h4 18. Bh2 g4 19. hxg4 Nxg4 20. Bf4 h3 21. gxh3 Rxh3
22. Qf1 Rh5 23. f3 Nf6 24. Qg2 Bh8 25. Qe2 Ra8 26. Qc4 Qb6 27. Nd2 Nd5 28. Ne4
Nxf4 29. Qf1 Bxd4 30. Rxd4 Bb5 31. Qd1 Ne2+ 32. Kg2 Nxd4 33. exd4 Ra6 34. c4
bxc3 35. bxc3 Qb8 36. Ng3 Rh4 37. Nf5 Rh8 38. Qe1 Qc7 39. c4 Bc6 40. Ng7+ Kd8
41. Nf5 Bb7 42. Ra4 Bc8 43. Ng3 Ke8 44. Ra3 Bh3+ 45. Kf2 Rg8 46. Ne4 Rg2+ 47.
Ke3 Rb6 48. Qh4 Be6 49. d5 Bf5 50. Qh8+ Kd7 51. Kf4 e6 52. Qf8 Qd8 53. Qxf7+
Qe7 54. dxe6+ Bxe6 55. Qxe7+ Kxe7 56. Rxa5 Rxb3 57. Ra7+ Kf8 58. Ra8+ Kg7 59.
Nxd6 Rf2 60. Ra7+ Kg6 61. Ke5 Re3+ 62. Kd4 Rexf3 63. c5 Rd2+ 64. Ke5 Bb3 65.
Ra6 Rf6 66. Ke4 Bd5+ 67. Ke3 Rd1 68. Ra5 Rf3+ 69. Ke2 Rh1 70. Kd2 Rh2+ 71. Ke1
Rc3 72. Ra1 Rcc2 73. Kd1 Bf3+ 74. Ke1 Rh1# 0-1

[Event "ICS rated blitz match"]
[Site "204.178.125.65"]
[Date "2000.07.12"]
[Round "?"]
[White "Hossa"]
[Black "Tinker"]
[Result "0-1"]
[WhiteElo "2604"]
[BlackElo "2499"]
[PlyCount "120"]
[EventDate "2000.??.??"]

1. d4 d5 2. c4 e6 3. Nc3 Nc6 4. Nf3 Nf6 5. cxd5 exd5 6. g3 Bf5 7. Nh4 Be6 8.
Bg2 Be7 9. O-O O-O 10. Nf3 Ne4 11. Bf4 Bd6 12. Nxe4 dxe4 13. Ne5 f5 14. Nxc6
bxc6 15. Be3 Rb8 16. Qc2 c5 17. dxc5 Be5 18. Rfb1 Rb4 19. f3 Rc4 20. Qd1 Qxd1+
21. Rxd1 Bxb2 22. Rab1 Rc2 23. Rd2 Rxd2 24. Bxd2 Bd4+ 25. e3 Bxc5 26. Rc1 Bb6
27. Rc2 exf3 28. Bxf3 c5 29. h3 Rd8 30. g4 g6 31. Kf2 Rd3 32. gxf5 Bxf5 33. Kg2
Rxe3 34. Bxe3 Bxc2 35. Bd5+ Kg7 36. Bf4 Kf6 37. Bc4 Bf5 38. h4 Be6 39. Bg5+ Ke5
40. Bf4+ Kxf4 41. Bxe6 g5 42. hxg5 Kxg5 43. Kf3 h5 44. Ke4 Kh4 45. Kf3 Bc7 46.
a3 Kg5 47. Ke4 Bg3 48. Kd5 Bf2 49. Kc6 h4 50. Kb7 Kf6 51. Bd5 h3 52. Kb8 h2 53.
Kc7 Ke5 54. Kc6 c4 55. Bxc4 h1=Q+ 56. Kb5 Qc1 57. Be2 a6+ 58. Ka4 Qc2+ 59. Ka5
Qb3 60. Bxa6 Be1# {Hossa checkmated} 0-1

[Event "ICS rated blitz match"]
[Site "204.178.125.65"]
[Date "2000.07.12"]
[Round "?"]
[White "TerraPi"]
[Black "Hossa"]
[Result "0-1"]
[WhiteElo "2238"]
[BlackElo "2583"]
[PlyCount "140"]
[EventDate "2000.??.??"]

1. Nc3 e6 2. Nf3 d5 3. e4 d4 4. Nb5 Nc6 5. c3 e5 6. Qa4 Bd7 7. Be2 a6 8. Na3 d3
9. Bf1 Nf6 10. Qc4 Bxa3 11. bxa3 O-O 12. Qxd3 Nh5 13. Bb2 Nf4 14. Qe3 Ng6 15.
h4 Bg4 16. h5 Nf4 17. h6 Qf6 18. hxg7 Rfe8 19. g3 Ne6 20. Bg2 Rad8 21. Rh6 Qxg7
22. Nh2 Bf5 23. exf5 Nf4 24. Bxc6 bxc6 25. O-O-O Qxh6 26. gxf4 Qxh2 27. fxe5
Qxe5 28. Rg1+ Kf8 29. Qh6+ Ke7 30. Qxc6 Rb8 31. f6+ Kd8 32. Qxa6 Qd5 33. Qa4
Rb6 34. c4 Qe4 35. Rf1 Qd3 36. Rg1 Rbe6 37. Rd1 Re4 38. Qa8+ Kd7 39. Qd5+ Qxd5
40. cxd5 Kd6 41. Kc2 Re1 42. Rxe1 Rxe1 43. a4 Kxd5 44. a5 h5 45. a4 h4 46. a6
Re6 47. Kb3 Rb6+ 48. Kc3 Rxa6 49. Kc2 h3 50. d3 Rxa4 51. Kb3 Ra6 52. Kb4 Rb6+
53. Kc3 Rxf6 54. Kd2 Rxf2+ 55. Kc3 Rxb2 56. Kxb2 h2 57. Kc3 h1=B 58. Kd2 Be4
59. dxe4+ Kxe4 60. Ke2 f5 61. Kf2 c5 62. Kg2 c4 63. Kf1 c3 64. Ke1 Kd3 65. Kf1
c2 66. Kf2 c1=Q 67. Kf3 Qg5 68. Kf2 Qg4 69. Kf1 Ke3 70. Ke1 Qg1# {
TerraPi checkmated} 0-1

[Event "ICS rated blitz match"]
[Site "204.178.125.65"]
[Date "2000.07.12"]
[Round "?"]
[White "Hossa"]
[Black "Tinker"]
[Result "1/2-1/2"]
[WhiteElo "2581"]
[BlackElo "2523"]
[PlyCount "125"]
[EventDate "2000.??.??"]

1. e4 d5 2. exd5 Qxd5 3. Nc3 Qe6+ 4. Be2 Qg6 5. Nf3 Qxg2 6. Rg1 Qh3 7. d4 Nf6
8. Bf4 c6 9. Qd2 Qd7 10. O-O-O Qd8 11. Ne5 Nbd7 12. Qe3 e6 13. Kb1 h6 14. Nxd7
Bxd7 15. Be5 Rh7 16. Qd3 g6 17. Ne4 Nxe4 18. Qxe4 Qa5 19. Qf4 Be7 20. Bc7 b6
21. Qe3 Rc8 22. Bf4 h5 23. Be5 Qa4 24. Rge1 b5 25. Bf4 h4 26. Bg4 b4 27. Re2
Qb5 28. Rde1 g5 29. Be5 f6 30. Bxf6 Bxf6 31. Qf3 Be7 32. Bxe6 Bxe6 33. Rxe6 Rc7
34. Qf6 Rf7 35. Qh8+ Rf8 36. Qg7 Qb7 37. R6e2 Rf7 38. Qg8+ Rf8 39. Qxg5 Kd8 40.
Qg7 Re8 41. f4 b3 42. axb3 Rd7 43. Re6 h3 44. f5 Kc8 45. Qg6 Red8 46. Rxc6+ Kb8
47. Rc4 Bh4 48. Rd1 Ka8 49. d5 Be7 50. Rcd4 Rd6 51. Qh7 R8d7 52. Qg8+ Bd8 53.
R4d3 Rf7 54. c4 Rxf5 55. Rxh3 Rf2 56. c5 Qc8 57. Rc3 Qf5+ 58. Rdd3 Rf1+ 59. Kc2
Rf2+ 60. Kb1 Rf1+ 61. Kc2 Rf2+ 62. Kb1 Rf1+ 63. Kc2 1/2-1/2

[Event "ICS rated standard match"]
[Site "204.178.125.65"]
[Date "2000.07.12"]
[Round "?"]
[White "QueenMaxima"]
[Black "Hossa"]
[Result "0-1"]
[WhiteElo "2347"]
[BlackElo "2376"]
[PlyCount "82"]
[EventDate "2000.??.??"]

1. d4 d5 2. c4 e6 3. Nc3 Nc6 4. Nf3 Nf6 5. cxd5 exd5 6. Bg5 Be7 7. e3 O-O 8.
Qb3 Na5 9. Qa4 b6 10. Bd3 c5 11. dxc5 bxc5 12. O-O-O Be6 13. Bf4 a6 14. Ne5 Qb6
15. Qc2 Bd6 16. Bg3 d4 17. Na4 Qd8 18. Nc4 Nxc4 19. Bxc4 Bxc4 20. Qxc4 Ne4 21.
Rhf1 Bxg3 22. fxg3 Rc8 23. Qxa6 Qe8 24. Qc4 dxe3 25. Rfe1 Rb8 26. Nc3 Nf2 27.
Rd5 Qe7 28. Rf5 Rb4 29. Qf1 Qd7 30. Rd5 Qe6 31. Re2 Rc4 32. Rh5 Rxc3+ 33. bxc3
Qc4 34. Rxc5 Nd3+ 35. Kd1 Nxc5 36. Qf4 Qd3+ 37. Kc1 Qxe2 38. Qd4 Nd3+ 39. Qxd3
Qxd3 40. Kb2 Rb8+ 41. Ka3 Qa6# 0-1

[Event "ICS rated blitz match"]
[Site "204.178.125.65"]
[Date "2000.07.12"]
[Round "?"]
[White "Hossa"]
[Black "sekere"]
[Result "1-0"]
[WhiteElo "2568"]
[BlackElo "2037"]
[PlyCount "25"]
[EventDate "2000.??.??"]

1. e4 e5 2. Nf3 Nc6 3. d4 exd4 4. Nxd4 Bc5 5. Be3 Qf6 6. c3 Bb6 7. Bc4 Nge7 8.
O-O O-O 9. Na3 Qg6 10. Bd3 Ne5 11. Bc2 Ng4 12. Bf4 Nc6 13. e5 1-0